Bhaganagar (Hydrebad) Nishastra Pratikar 1938-39 (Record no. 367637)

MARC details
000 -LEADER
fixed length control field 00488nam a22001817a 4500
005 - DATE AND TIME OF LATEST TRANSACTION
control field 20250916152939.0
008 - FIXED-LENGTH DATA ELEMENTS--GENERAL INFORMATION
fixed length control field 250905b |||||||| |||| 00| 0 eng d
020 ## - INTERNATIONAL STANDARD BOOK NUMBER
International Standard Book Number 9789395664493
041 ## - LANGUAGE CODE
Language code of text/sound track or separate title Marathi
082 ## - DEWEY DECIMAL CLASSIFICATION NUMBER
Classification number 891.46
Item number GOD
100 ## - MAIN ENTRY--PERSONAL NAME
Author Godbole Shrirang
245 ## - TITLE STATEMENT
Title Bhaganagar (Hydrebad) Nishastra Pratikar 1938-39
260 ## - PUBLICATION, DISTRIBUTION, ETC.
Place of publication, distribution, etc. Pune
Name of publisher, distributor, etc. Bharatiya Vichar Sadhana Pune Prakashan
Date of publication, distribution, etc. 2023
300 ## - PHYSICAL DESCRIPTION
Extent 127
365 ## - TRADE PRICE
Price amount 105.00
Currency code Rs.00
650 ## - SUBJECT ADDED ENTRY--TOPICAL TERM
Topical term or geographic name entry element General
942 ## - ADDED ENTRY ELEMENTS (KOHA)
Koha item type Books
Holdings
Withdrawn status Lost status Source of classification or shelving scheme Damaged status Not for loan Home library Current library Date acquired Vendor Net Price Total Checkouts Full call number Barcode Date last seen Discount Actual Price Bill Date Koha item type
    Dewey Decimal Classification     School of Fashion Technology School of Fashion Technology 14/08/2025 Bhartiya Vichar Sadhana Foundation 105.00   891.46 GOD SOFT-BK-4516 05/09/2025 30% 150.00 05/09/2025 Books